All Countries in a Given Region or Union - Statistics

General Stats
  • This quiz has been taken 29 times
  • The average score is 31 of 36
Answer Stats
Hint Answer % Correct
BRICS China
100%
Former Yugoslavia Croatia
100%
Baltic States Estonia
100%
Former Yugoslavia Bosnia and Herzegovina
96%
Baltic States Latvia
96%
Baltic States Lithuania
96%
BRICS Russia
96%
Caucasus Russia
96%
Former Yugoslavia Serbia
96%
Former Yugoslavia Slovenia
96%
Benelux Belgium
92%
Indochina Cambodia
92%
BRICS India
92%
Indochina Laos
92%
Former Yugoslavia North Macedonia
92%
BRICS Brazil
88%
Benelux Luxembourg
88%
Former Yugoslavia Montenegro
88%
Indochina Myanmar
88%
Indochina Thailand
88%
Indochina Vietnam
88%
Caucasus Georgia
83%
Indochina Malaysia
83%
Benelux Netherlands
83%
Indochina Singapore
83%
Maghreb Algeria
79%
Caucasus Armenia
79%
Caucasus Azerbaijan
79%
Hispaniola Dominican Republic
79%
Hispaniola Haiti
79%
Former Yugoslavia Kosovo
79%
Maghreb Libya
79%
Maghreb Morocco
79%
Maghreb Tunisia
79%
Maghreb Mauritania
67%
BRICS South Africa
67%
No matching quizzes found
Score Distribution
Percent of People with Each Score
Percentile by Number Answered
Your Score History
You have not taken this quiz